Vainqueurs et finalistes du Championnat d'Europe de football - Statistiques

Statistiques générales
  • Ce quiz a été pris 3 630 fois
  • Le résultat moyen est 24 sur 28
Statistiques - réponses
Année Statuts Equipes % Correct
Vainqueur France
100%
Vainqueur France
100%
Vainqueur Espagne
99%
1984 Finaliste Espagne
99%
Vainqueur Espagne
99%
Vainqueur Espagne
99%
Vainqueur Italie
99%
2000 Finaliste Italie
99%
2012 Finaliste Italie
99%
1992 Finaliste Allemagne
98%
Vainqueur Allemagne
98%
2008 Finaliste Allemagne
98%
Vainqueur Allemagne de l'Ouest
98%
1976 Finaliste Allemagne de l'Ouest
98%
Vainqueur Allemagne de l'Ouest
98%
2004 Finaliste Portugal
98%
Vainqueur Gréce
92%
Vainqueur Pays-Bas
88%
Vainqueur Danemark
79%
1980 Finaliste Belgique
77%
Vainqueur Union Soviétique
70%
1964 Finaliste Union Soviétique
70%
1972 Finaliste Union Soviétique
70%
1988 Finaliste Union Soviétique
70%
1960 Finaliste Yougoslavie
62%
1968 Finaliste Yougoslavie
62%
Vainqueur Tchécoslovaquie
50%
1996 Finaliste République Tchèque
38%
Aucun quiz correspondant
Distribution des résultats
% des personnes avec chaque résultat
Percentile par nombre de réponses
Votre historique - résultats
Vous n’avez pas pris ce quiz